| 000 | 02296nam a2200277 i 4500 | ||
|---|---|---|---|
| 003 | DO-SdBNP | ||
| 005 | 20250403112721.0 | ||
| 007 | ta | ||
| 008 | 250403b2024 dr o|||| |||| 00| 0 spa d | ||
| 020 | _a9789945291278 | ||
| 040 |
_aDO-SdBNP _bspa _cBNPHU _erda |
||
| 082 |
_axxx _bC965 _222 |
||
| 111 | 1 |
_aConcurso de escritura para los dominicanos en el exterior _n(2ª: _d2024: _cSanto Domingo) _987317 |
|
| 245 | 1 | 0 |
_aSegundo concurso de escritura para los dominicanos en el exterior : _bCuéntame tu historia / |
| 264 |
_aSanto Domingo : _bINDEX, _bMIREX, _c2024. |
||
| 300 |
_a108 páginas : _bfotografías _c23 cm. |
||
| 336 |
_atexto _btxt _2rdacontent |
||
| 337 |
_asin mediación _bn _2rdamedia |
||
| 338 |
_avolumen _bnc _2rdacarrier |
||
| 505 |
_tPalabras del Viceministro -- _tPalabras de Vimenca -- _tEl concurso de escritura personal "Cuéntame tu historia" sigue motivando a los dominicanos del exterior a escribir -- _gPrimer lugar -- _tSoy dominicana, y no, no soy puta -- _rSilvia Anabel Matos Rodríguez / _gSegundo lugar -- _tMi sonrisa, generosidad y amabilidad de mi tierra vino hasta Londres -- _rJosefina Castro La Paz / _gTercer lugar -- _tDejar atrás para avanzar: el viaje de una maestra desde Quisqueya hasta España -- _rKeiri Fernández Mármol / _gMención de honor -- _t¿Cómo cambié un estetoscopio por lápiz y papel? -- _rRubén Darío Céspedes Díaz / _gMención de honor -- _tEl mundo en un bolsillo -- _rAniana María Domínguez Martínez / _gMención de honor -- _tDe aquí, de allá, de ningún lado -- _rPatricia Jiménez Encarnación / _gMención de honor -- _tEl rostro de la emigración -- _rJantipa Almánzar Hernández / _gMención de honor -- _tPerderme para volverme a encontrar -- _rAndry Mariel Mendoza Reyes / _gMención de honor -- _tTodos tenemos algo que sacrificar -- _rEduardo Taveras Rosa / _gMención de honor -- _tSoltando anclas, para perseguir un sueño -- _rAna Mercedes Reyes Upia / _gMención de honor -- _tA Dios encomiendo tu alma -- _rCaryana Castillo de los Santos / |
||
| 590 | _aInventariado, 2025/ YL | ||
| 710 | 1 |
_aInstituto de Dominicanos y Dominicanas en el Exterior (INDEX) _987313 |
|
| 710 | 1 |
_aViceministerio para las Comunidades Dominicanas en el Exterior _bMinisterio de Relaciones Exteriores (MIREX) _987314 |
|
| 910 | _aYLockward | ||
| 942 |
_2ddc _cLBS1 |
||
| 999 |
_c58184 _d58184 |
||